00394nam a2200145Ia 4500003000400000005001700004008004100021040001800062041000800080100003700088110001800125245004600143260002000189710003900209OSt20260303155308.0211028s2005 xx 000 0 und d cAIMIT LIBRARY aeng aP V Jyothi;Manimozhi, R.g299758 aManimozhi, R. aDigitization of SRS and testing process / aBangalorec2005 aHoneywell Technology Solutions Lab